South Eastern Kenya University

Library Online Public Access Catalogue


Ions in solution, (Record no. 2144)

MARC details
000 -LEADER
fixed length control field 00309nam a22001211 4500
050 00 - LIBRARY OF CONGRESS CALL NUMBER
Classification Number QD561
Item Number .G86
100 1# - MAIN ENTRY--Author
Personal name Gurney, Ronald W.
245 10 - TITLE
Title Ions in solution,
Statement of responsibility, etc by R.W. Gurney ...
260 ## - PUBLICATION, DISTRIBUTION, ETC.(IMPRINT)
Place of publication, distribution, etc Cambridge [Eng.]
Name of publisher, distributor, etc The University press,
Date of publication, distribution, etc 1936.
300 ## - PHYSICAL DESCRIPTION
Extent vi p., 1 l., 206 p.
650 #0 - SUBJECT--TOPIC
General subdivision ions
942 ## - ADDED ENTRY ELEMENTS(KOHA)
Koha item type General circulation
Holdings
Source of classification or shelving scheme Not for loan Location (home branch) Sublocation (holding branch) Date accessioned Cost, normal purchase price Full call number Barcode Cost, replacement price Koha item type Public note
Library of Congress Classification   Main Campus Library Main Campus Library 27/08/2014 345.00 QD561 .G86 2017/020480 845.00 General circulation jm
Kitui, Kenya.
+254736116989
library@seku.ac.ke